Statistics for Guess All Countries That Not Independent

Click here to take the quiz!

General Stats

  • This quiz has been taken 141 times
    (61 since last reset)
  • The average score is 27 of 58

Answer Stats

ContinentAnswer% Correct
CaribbeanPuerto Rico
74%
AsiaPalestine
70%
South AmericaFrench Guiana
67%
CaribbeanU.S. Virgin Islands
65%
North AmericaBermuda
63%
CaribbeanCuraçao
61%
EuropeGibraltar
61%
OceaniaGuam
61%
AsiaHong Kong
61%
AsiaMacau
59%
CaribbeanSaint Martin
59%
CaribbeanTurks and Caicos Islands
59%
AsiaChristmas Island
57%
South AmericaFalkland Islands
57%
EuropeFaroe Islands
57%
North AmericaGreenland
57%
CaribbeanAruba
56%
CaribbeanCayman Islands
54%
OceaniaCook Islands
54%
OceaniaFrench Polynesia
54%
EuropeJersey
54%
AfricaWestern Sahara
50%
CaribbeanBonaire
48%
CaribbeanGuadeloupe
48%
EuropeIsle of Man
48%
CaribbeanMartinique
48%
OceaniaNew Caledonia
48%
OceaniaNiue
48%
EuropeGuernsey
46%
CaribbeanMontserrat
46%
OceaniaNorthern Mariana Islands
46%
OceaniaEaster Island
44%
AfricaRéunion
44%
AsiaTaiwan
44%
OceaniaAmerican Samoa
43%
CaribbeanAnguilla
43%
North AmericaSaint Pierre and Miquelon
43%
CaribbeanSint Maarten
43%
EuropeÅland Islands
41%
OceaniaTokelau
41%
OceaniaWallis and Futuna
41%
AfricaMayotte
39%
AfricaSaint Helena
39%
South AmericaGalápagos Islands
37%
CaribbeanSaint Barthélemy
37%
OceaniaPitcairn Islands
35%
CaribbeanSaba
35%
Unknown ContinentSouth Georgia and the South Sandwich Islands
35%
AsiaTibet
35%
AsiaKurdistan
33%
CaribbeanSint Eustatius
33%
OceaniaNorfolk Island
28%
AsiaCocos (Keeling) Islands
26%
EuropeSvalbard
24%
AfricaTristan Da Cunha
24%
CaribbeanU.K. Virgin Islands
24%
AsiaAndaman Islands
9%
Unknown ContinentFrench Southern and Antarctic Lands
7%

Score Distribution

Percentile by Number Answered

Percent of People with Each Score

Your Score History

You have not taken this quiz since the last reset